000 01040nam a22003257a 4500
003 CHAP
005 20220329135306.0
008 971013s1956 r 00010 d
010 _a33878
011 _a34850
035 _a38966
040 _cCHAP
082 _a423.6
_bC9
100 0 0 _aCuyás, Arturo.
_930771
245 _aDiccionario revisado de Appleton...
250 _a4 ed.
260 _aNew York :
_bGrober Society,
_c1956
300 _a2 v.
505 _aContenido: v.1 Inglés - Español. -- v.2 Español - Inglés
590 _aBATCH-UPD
_b10
_c20130110
_lUCH01
_h0938
590 _aBATCH-UPD
_b10
_c20130410
_lUCH01
_h0556
590 _aBATCH-UPD
_b10
_c20130914
_lUCH01
_h1134
590 _aCONVERSION
_b10
_c20130109
_lUCH01
_h1319
650 1 4 _aEspañol
_xDiccionarios
_xInglés.
_937729
650 1 4 _aInglés
_xDiccionarios
_xEspañol.
_958336
901 _aBK
942 _cLIBRO
949 _a423.6 C9
_bBC
_cC
_d33724000602165
_eC
_fv.1
_h10408
_i38966
_si
949 _a423.6 C9
_bBC
_cC
_d33724000679775
_eC
_fv.2
_h10410
_i38966
_si
999 _c33878
_d33878